Jääkiekon SM-Liiga - Mitalistit - Statistics

Yleistilastot
  • Tätä visaa on pelattu 1 474 kertaa
  • Keskiarvotulos 15 / 26
Vastaustilastot
Kultaa Hopeaa Pronssia Yht. Joukkue % Oikein
20 13 12 45 TBK / Tappara
99%
16 9 15 40 Ilves
98%
8 4 7 19 Kärpät
95%
7 5 11 23 HIFK
94%
11 13 4 28 TPS
91%
6 6 2 14 Jokerit
90%
2 3 6 11 Lukko
89%
3 4 2 9 Ässät
88%
1 2 1 4 KalPa
85%
1 3 4 Reipas / Pelicans
85%
1 1 2 SaiPa
84%
2 3 9 14 HPK
83%
2 2 5 9 JYP
83%
2 2 Blues / Kiekko-Espoo
74%
1 3 3 7 Koovee
45%
2 2 TuTo
44%
3 6 2 11 HJK
42%
1 1 Karhut
26%
2 7 2 11 Tarmo
20%
1 1 RU-38
16%
3 3 2 8 KIF
14%
1 1 TaPa
12%
3 3 HPS
11%
2 1 3 HSK
11%
1 1 Karhu-Kissat
11%
1 1 TuPK
5%
Ehtoja vastaavia visoja ei löytynyt
Tulosjakauma
Jokaisen tuloksen saaneiden osuus
Persentiili vastausten määrän mukaan
Tuloshistoriasi
Et ole pelannut tätä visaa